Word Ladder: Asian Countries Quiz Stats

Quiz Updated Jun 14, 2012

Challenge
Share
Tweet
Embed
Score 0/16 Timer 03:00
9 Plays Today
Clue Word % Correct
Asian CountryCHINA
96.2%
Beards grow on theseCHINS
94%
Metal discs used as moneyCOINS
92.2%
Fastens or secures a doorLOCKS
84.9%
Directs the eyes toward LOOKS
79.7%
Lower extremities of the torsoLOINS
77.6%
Company symbols or trademarksLOGOS
75.4%
Fish-eating diving birdsLOONS
71%
Clue Word % Correct
Informal name for trainsLOCOS
70.6%
Asian CountryJAPAN
60.9%
Computer user's identification/passwordLOGON
59.5%
'Percy Jackson' actor _____ LermanLOGAN
51.7%
Like some religionsPAGAN
25.5%
Inhabitant of Indonesia's main islandJAVAN
23.1%
Goods cast overboard attached to buoyLAGAN
21.7%
Stately and formal Spanish dancePAVAN
12.6%

Today's Daily Dose

You're not logged in!

Compare scores with friends on all Sporcle quizzes.
Sign Up with Email
OR
Log In

You Might Also Like...

Show Comments

Extras

Top Quizzes Today


Score Distribution

Your Account Isn't Verified!

In order to create a playlist on Sporcle, you need to verify the email address you used during registration. Go to your Sporcle Settings to finish the process.